The Quran & Modernism (Record no. 62383)

000 -LEADER
fixed length control field 00677nam a22002177a 4500
003 - CONTROL NUMBER IDENTIFIER
control field NUST-PNEC
005 - DATE AND TIME OF LATEST TRANSACTION
control field 20170116180746.0
008 - FIXED-LENGTH DATA ELEMENTS--GENERAL INFORMATION
fixed length control field 150210b xxu||||| |||| 00| 0 eng d
020 ## - INTERNATIONAL STANDARD BOOK NUMBER
International Standard Book Number 9698373012
040 ## - CATALOGING SOURCE
Transcribing agency PNEC
082 ## - DEWEY DECIMAL CLASSIFICATION NUMBER
Classification number 297.122 HUS
100 ## - MAIN ENTRY--PERSONAL NAME
9 (RLIN) 1320
Personal name Hussain Iqbal S.
245 ## - TITLE STATEMENT
Title The Quran & Modernism
Statement of responsibility, etc. Iqbal S. Hussain
250 ## - EDITION STATEMENT
Edition statement 1st ed
260 ## - PUBLICATION, DISTRIBUTION, ETC.
Place of publication, distribution, etc. Lahore
Name of publisher, distributor, etc. Adabistan
Date of publication, distribution, etc. c2000.
300 ## - PHYSICAL DESCRIPTION
Extent xviii, 473 p. :
Other physical details ill
Dimensions 22 cm
500 ## - GENERAL NOTE
General note Includes Index
650 ## - SUBJECT ADDED ENTRY--TOPICAL TERM
General subdivision Islam
856 ## - ELECTRONIC LOCATION AND ACCESS
Uniform Resource Identifier <a href="http://www.amazon.com/Quran-modernism-Beyond-science-philosophy/dp/9698373012/ref=sr_1_1?s=books&ie=UTF8&qid=1423551843&sr=1-1&keywords=9698373012">http://www.amazon.com/Quran-modernism-Beyond-science-philosophy/dp/9698373012/ref=sr_1_1?s=books&ie=UTF8&qid=1423551843&sr=1-1&keywords=9698373012</a>
942 ## - ADDED ENTRY ELEMENTS (KOHA)
Source of classification or shelving scheme
Koha item type Book
Holdings
Withdrawn status Lost status Source of classification or shelving scheme Damaged status Not for loan Permanent Location Current Location Shelving location Date acquired Source of acquisition Cost, normal purchase price Total Checkouts Full call number Barcode Date last seen Cost, replacement price Price effective from Koha item type
          Pakistan Navy Engineering College (PNEC) Pakistan Navy Engineering College (PNEC)   08/16/2001 Library / Reference Grant 500.00   297.122 HUS PNECLIB-024802 02/10/2015 500.00 08/16/2001 Book
© 2023 Central Library, National University of Sciences and Technology. All Rights Reserved.